00623nam a2200229 a 4500001001300000003000900013005001700022008004100039020001000080082001300090100002000103245003800123260003800161300000900199500003500208505001700243650001300260902000800273942000700281952009200288999001300380nice12345678IN_TiNIC20260116011351.0050524s1940 lona grp 000 0 eng  ac10000a266bFRE aFreytag, Walter aSpiritual Revolution in the East. aLondon bLutterworth Press c1940 a267p aincludes index and biblioraphy2 aBibliography aMissions bSRS cBK 00104070aHMIbHMId2007-07-11g100.00l0o266 FREp677r2007-07-11w2026-01-16yARB c902d902